000 00718nam a2200241Ia 4500
005 20260430150515.0
008 008 250103s9999 xx 000 0 eng d
037 _aTheses
040 _aCRL
040 _beng
040 _ceng
041 _2eng
041 _aeng
084 _qCRL
100 _aKeshavam Chetkar Chandra Au.; Basu- Modak Sharmila Gu.; Singh Yogendra Gu.
_91237704
245 0 _aIdentification of a Novel Nucleoid-Associated Protein from Mycobacterium Tuberculosis and study of its Physiological Relevance
260 _c2022
300 _a143p.
650 _aZoology
700 _aUniversity of Delhi. Faculty of Science. Deptt.of Zoology
942 _cTH
999 _c1849945
_d1849945